000 00402pam a2200157a 44500
008 230405s0 xxu||||| |||| 00| 0 eng d
041 _aENG
100 _aWORLD HEALTH
245 _aGUIDLINES & PRINCIPAL FOR SAFE BLOOD
260 _aDELHI
_bWORLD HEALTH ORGANIZATION
_c0
300 _a123p.
440 _aSOURCE=RATNAKAR BOOK MIRAJ
650 _aVOCATIONAL
690 _aVOCATIONAL
906 _a10491
999 _c790707
_d790707